Phát hiện sự lai giống của DNA dựa trên vật liệu graphene đơn lớp bằng phương pháp đo hiệu ứng Hall : Báo cáo tổng kết đề tài Khoa học và Công nghệ cấp trường

Nghiên cứu áp dụng phương pháp chuyển graphene bằng cách phủ vàng lên bề mặt graphene đơn lớp đối với graphene được tạo ra bằng phương pháp lắng đọng hơi hóa học.

Đã lưu trong:
Bibliografiske detaljer
Hovedforfatter: Phan, Thị Kim Loan
Format: Bog
Sprog:Undetermined
Udgivet: Cần Thơ Trường Đại học Cần Thơ 2017
Fag:
Tags: Tilføj Tag
Ingen Tags, Vær først til at tagge denne postø!
Thư viện lưu trữ: Trung tâm Học liệu Trường Đại học Cần Thơ
LEADER 01108nam a2200217Ia 4500
001 CTU_230252
008 210402s9999 xx 000 0 und d
082 |a 621.38152 
082 |b L406 
088 |a T2016-82 
100 |a Phan, Thị Kim Loan 
245 0 |a Phát hiện sự lai giống của DNA dựa trên vật liệu graphene đơn lớp bằng phương pháp đo hiệu ứng Hall : 
245 0 |b Báo cáo tổng kết đề tài Khoa học và Công nghệ cấp trường 
245 0 |c Phan Thị Kim Loan (Chủ nhiệm đề tài) 
260 |a Cần Thơ 
260 |b Trường Đại học Cần Thơ 
260 |c 2017 
520 |a Nghiên cứu áp dụng phương pháp chuyển graphene bằng cách phủ vàng lên bề mặt graphene đơn lớp đối với graphene được tạo ra bằng phương pháp lắng đọng hơi hóa học. 
650 |a Membranes (Technology),Màng (Công nghệ) 
910 |b nthai 
980 |a Trung tâm Học liệu Trường Đại học Cần Thơ